Responses for show #2118 - Wednesday, November 17, 1993

1993 Tournament of Champions quarterfinal game 3.

Contestants

[<< previous game]

David Tiemann, a high school teacher from Brunswick, Maine

Walt Senterfitt, a registered nurse and Ph.D. candidate from Los Angeles, California

Leslie Miller, a business communications representative originally from Reston, Virginia

[next game >>]

Jeopardy! Round responses

U.S. CITIES
POP MUSIC
BUSINESS & INDUSTRY
ANIMALS
DESIGN
FOREIGN WORDS & PHRASES
    $100 1
Chicago

Walt
    $100 11
Roy Orbison

Leslie
    $100 13
Polaroid

David
    $100 14
Sight

Walt
    $100 16
Blue

Leslie
    $100 6
Flute

Walt
    $200 2
New Orleans

Walt
    $200 27
Chubby Checker

David
    $200 15
Gerber

Leslie
    $200 24
Raccoon

Leslie
    $200 17
seashells

Walt
    $200 7
bus stop

Leslie
    $300 3
New York City

David
    $300 28
"Happy Together"

David
    $300 18
UPS (United Parcel Service)

Walt
    $300 12
Mongoose

Walt
    $300 21
papier-mâché

Leslie
    $300 8
Good Day!

Walt
    $400 4
New Jersey

Leslie
    $400 29
U2

David
    $400 19
Ernest & Julio Gallo

Walt
    $400 25
Fiddler crab

Walt
    $400 22
Handles

Leslie
    $400 9
(Leslie: What is the little finger?)

the thumb

LeslieWalt
    $500 5
Great Falls

Walt
    $500 30
Men At Work

Leslie
    $1,000 20
Holiday Inn

Walt
    $500 26
Madagascar

Walt
    $500 23
Gargoyles

Walt
    $500 10
Gardening

David

Scores at the first commercial break (after clue 15):

Leslie Walt David
$500 $2,000 $900

Scores at the end of the Jeopardy! Round:

Leslie Walt David
$2,000 $5,300 $1,800

Double Jeopardy! Round responses

THE MIDDLE AGES
1950s WOMEN
SEAS
ARTISTS
FOOD
MODERN NOVELS
    $200 18
100 Years War

Walt
    $200 6
Virginia Johnson

Walt
    $200 8
(Walt: What is the Pacific Ocean?)

the Caribbean Sea

WaltDavid
    $200 13
Grandma Moses

David
    $200 1
Virginia

Walt
    $200 26
The Silence of the Lambs

Walt
    $400 19
Dance

Walt
    $400 7
Gertrude Ederle

David
    $400 9
Antarctica

David
    $400 14
Vincent Van Gogh

Walt
    $400 2
Geese

David
    $400 27
The Winds of War

Leslie
    $600 20
Peter the Hermit

Leslie
    $600 15
(Walt: Who is Leontyne Price?)

Marian Anderson

LeslieWalt
    $600 10
Tasman Sea

Walt
    $600 21
Auguste Rodin

Walt
    $600 3
Tangelo

Walt
    $600 28
William Shakespeare

Leslie
    $800 24
Keep

Triple Stumper
    $800 16
(Leslie: Who is Perle Mesta?)

Clare Booth Luce

LeslieWalt
    $1,000 11
Baltic Sea

Walt
    $800 22
Henri Rousseau

Leslie
    $800 4
Yorkshire pudding

Walt
    $800 29
The Prince of Tides

Walt
    $1,200 25
(Walt: Who is Richard I?)

Harold II

Walt
    $1000 17
Simone de Beauvoir

Walt
    $1000 12
Ionian Sea

Leslie
    $1000 23
de Kooning

Walt
    $1000 5
Peach Melba

Walt
    $1000 30
Tom Robbins

David

Scores at the end of the Double Jeopardy! Round:

Leslie Walt David
$5,200 $13,100 $4,400
(lock game)

Final Jeopardy! Round responses

WORLD GEOGRAPHY
(Alex: This is, after all, Geography Awareness Week.)
(Alex: [To Walt] Came up with so many other correct responses. Now, there are some people in the audience going "Ohhh... he didn't get it", he got "What is Denali?", but that is another name for Mt. McKinley, as Walt well knows. So demonstrating his great knowledge once again...)
DavidWhat is McKinley?
$4,400
LeslieWhat is Mt. McKinley?
$5,200
WaltWhat is Denali?
$2,500
Mt. McKinley (Denali)

Final scores:

Leslie Walt David
$10,400 $15,600 $8,800
2nd place: $1,000 if eliminated Automatic semifinalist 3rd place: $1,000 if eliminated

Game dynamics:

Coryat scores:

Leslie Walt David
$5,200 $13,600 $4,400
15 R,
2 W
31 R
(including 2 DDs),
3 W
(including 1 DD)
12 R,
0 W

Combined Coryat: $23,200

The J! Archive is created by fans, for fans. The Jeopardy! game show and all elements thereof, including but not limited to copyright and trademark thereto, are the property of Jeopardy Productions, Inc. and are protected under law. This website is not affiliated with, sponsored by, or operated by Jeopardy Productions, Inc. Join the discussion at JBoard.tv.